<?xml version="1.0" encoding="UTF-8"?>
<marc:record xmlns:marc="http://www.loc.gov/MARC21/slim">
   <marc:leader>00000nam a2200000 a 4500</marc:leader>
   <marc:datafield ind1="1" ind2=" " tag="100">
      <marc:subfield code="a">Cervantes, Miguel de</marc:subfield>
      <marc:subfield code="4">aut</marc:subfield>
      <marc:subfield code="e">Verfasser/-in</marc:subfield>
   </marc:datafield>
   <marc:datafield ind1=" " ind2=" " tag="653">
      <marc:subfield code="a">fantastisch</marc:subfield>
   </marc:datafield>
   <marc:datafield ind1=" " ind2=" " tag="653">
      <marc:subfield code="a">Literatur</marc:subfield>
   </marc:datafield>
   <marc:datafield ind1=" " ind2=" " tag="653">
      <marc:subfield code="a">Ritter</marc:subfield>
   </marc:datafield>
   <marc:datafield ind1="0" ind2="0" tag="245">
      <marc:subfield code="a">Don Quijote</marc:subfield>
   </marc:datafield>
   <marc:datafield ind1="0" ind2="0" tag="245">
      <marc:subfield code="b">Roman</marc:subfield>
   </marc:datafield>
   <marc:datafield ind1=" " ind2="1" tag="264">
      <marc:subfield code="b">Patmos</marc:subfield>
      <marc:subfield code="c">2003</marc:subfield>
   </marc:datafield>
   <marc:datafield ind1="1" ind2=" " tag="520">
      <marc:subfield code="a">Kaum ein Roman der Weltliteratur hat eine ähnlich anregende, fruchtbare kultur- und geistesgeschichtliche Wirkung gehabt und war gleichzeitig so vielen Deutungen und Missdeutungen ausgesetzt wie dieser. Ohne Don Quijote, dessen weltliterarische Bedeutung außerhalb Spaniens erst im 18. Jahrhundert voll erkannt wurde, ist der neue europäische Roman nicht denkbar.   Autorenporträt Miguel de Cervantes Saavedras Lebensweg war abenteuerlich: Er schlug sich als Steuereinnehmer und Soldat durch, wurde bei Lepanto schwer verwundet und von Piraten gefangen. Unheimlicher Schlußpunkt: Er starb mit 69 Jahren hochverschuldet an genau demselben Tag wie Shakespeare, am 23. Aprill 1616. *amazon.de*</marc:subfield>
   </marc:datafield>
   <marc:datafield ind1=" " ind2=" " tag="020">
      <marc:subfield code="a">9783491960831</marc:subfield>
      <marc:subfield code="9">9783491960831</marc:subfield>
   </marc:datafield>
</marc:record>
